[Event "Hexagon North Devon"]
[Site "Woolacombe"]
[Date "1973.10.05"]
[Round "1"]
[White "Cafferty, Bernard"]
[Black "Hutchings, Stuart James"]
[Result "0-1"]
[WhiteElo "2355"]
[BlackElo "2280"]
[PlyCount "90"]
[EventDate "1973.10.05"]
[EventType "tourn"]
[EventRounds "9"]
[EventCountry "ENG"]
[SourceTitle "BritBase"]
[Source "John Saunders"]
[SourceDate "2023.12.02"]
[SourceVersion "1"]
[SourceVersionDate "2023.12.02"]
[SourceQuality "1"]

1. e4 c5 2. Nf3 e6 3. d4 cxd4 4. Nxd4 Nf6 5. Nc3 d6 6. g3 Nc6 7. Bg2 Bd7 8. O-O
a6 9. b3 Rc8 10. Bb2 Be7 11. Nce2 b5 12. Re1 O-O 13. Nxc6 Bxc6 14. Nd4 Bb7 15.
e5 Nd5 16. exd6 Qxd6 17. Qd2 Qb6 18. Bxd5 Bxd5 19. Nf5 exf5 20. Rxe7 Be4 21. c4
bxc4 22. Qc3 f6 23. bxc4 Qc5 24. Ba3 Qxc4 25. Qxc4+ Rxc4 26. Rxe4 fxe4 27. Bxf8
Kxf8 28. Re1 f5 29. Re2 Kf7 30. Rb2 Ra4 31. Kf1 Ra3 32. Ke2 g5 33. Rc2 Kg6 34.
Kf1 f4 35. g4 Kf6 36. Kg2 Ke5 37. Rc5+ Kd4 38. Rxg5 Rxa2 39. Rh5 e3 40. Rxh7
Rxf2+ 41. Kg1 f3 42. Rd7+ Ke4 43. Re7+ Kd3 44. h3 Rg2+ 45. Kh1 e2 {Source:
Bernard Cafferty} 0-1

[Event "Hexagon North Devon"]
[Site "Woolacombe"]
[Date "1973.10.05"]
[Round "1"]
[White "Williams, Arthur Howard"]
[Black "Keene, Raymond Dennis"]
[Result "1/2-1/2"]
[WhiteElo "2395"]
[BlackElo "2445"]
[PlyCount "70"]
[EventDate "1973.10.05"]
[EventType "tourn"]
[EventRounds "9"]
[EventCountry "ENG"]
[SourceTitle "BritBase"]
[Source "John Saunders"]
[SourceDate "2023.12.02"]
[SourceVersion "1"]
[SourceVersionDate "2023.12.02"]
[SourceQuality "1"]

1. e4 g6 2. d4 d6 3. Nc3 Bg7 4. f4 Nc6 5. Be3 Nf6 6. Be2 O-O 7. Nf3 e6 8. h3
Ne7 9. O-O b6 10. Nd2 Bb7 11. Bf3 d5 12. e5 Nd7 13. Ne2 c5 14. c3 Qc7 15. g4
Rac8 16. Qe1 Ba6 17. Rf2 cxd4 18. Nxd4 Nc5 19. Be2 Bxe2 20. Qxe2 a6 21. Re1 b5
22. Rg2 Rce8 23. Bf2 Nd7 24. N2f3 Nc5 25. Nd2 Nd7 26. Kh1 Nc6 27. Nxc6 Qxc6 28.
Bd4 Kh8 29. Nf3 Nc5 30. Qe3 Ne4 31. Nd2 f5 32. exf6 Nxf6 33. Nf3 Ne4 34. Bxg7+
Kxg7 35. Nd2 Nxd2 1/2-1/2

[Event "Hexagon North Devon"]
[Site "Woolacombe"]
[Date "1973.10.06"]
[Round "2"]
[White "Keene, Raymond Dennis"]
[Black "Cafferty, Bernard"]
[Result "1-0"]
[WhiteElo "2445"]
[BlackElo "2355"]
[PlyCount "81"]
[EventDate "1973.10.05"]
[EventType "tourn"]
[EventRounds "9"]
[EventCountry "ENG"]
[SourceTitle "BritBase"]
[Source "John Saunders"]
[SourceDate "2023.12.02"]
[SourceVersion "1"]
[SourceVersionDate "2023.12.02"]
[SourceQuality "1"]

1. Nf3 Nf6 2. g3 c5 3. Bg2 Nc6 4. O-O g6 5. b3 Bg7 6. Bb2 O-O 7. c4 d6 8. d4
Bg4 9. d5 Bxf3 10. Bxf3 Nd4 11. Bg2 h5 12. Nc3 Rb8 13. e3 Nf5 14. Bh3 Nh6 15.
Qc2 Ne8 16. f4 f5 17. Rfe1 Ng4 18. Bf1 Nc7 19. Rad1 a6 20. h3 Nh6 21. a4 Qd7
22. Kh2 Rbe8 23. a5 Kh7 24. Bg2 Rb8 25. Ba3 b5 26. axb6 Rxb6 27. Rb1 Rfb8 28.
Na4 R6b7 29. Bxc5 Ne8 30. Ba3 Rc7 31. Qd3 h4 32. gxh4 Bf6 33. h5 gxh5 34. Bf3
Bh4 35. Rg1 Nf6 36. Rg2 Rg8 37. Rxg8 Kxg8 38. Rg1+ Kf7 39. Qe2 Nhg4+ 40. hxg4
fxg4 41. Qc2 {Source: Bernard Cafferty} 1-0

[Event "Hexagon North Devon"]
[Site "Woolacombe"]
[Date "1973.10.07"]
[Round "3"]
[White "Bilek, Istvan"]
[Black "Cardoso, Radolfo Tan"]
[Result "1-0"]
[WhiteElo "2500"]
[BlackElo "2375"]
[PlyCount "71"]
[EventDate "1973.10.05"]
[EventType "tourn"]
[EventRounds "9"]
[EventCountry "ENG"]
[SourceTitle "BritBase"]
[Source "John Saunders"]
[SourceDate "2023.12.02"]
[SourceVersion "1"]
[SourceVersionDate "2023.12.02"]
[SourceQuality "1"]

1. c4 Nf6 2. g3 g6 3. Bg2 Bg7 4. Nc3 c5 5. e3 O-O 6. Nge2 d6 7. O-O Nc6 8. d3
Rb8 9. b3 Bf5 10. h3 Qd7 11. Kh2 e5 12. Bb2 a6 13. Nd5 b5 14. Qd2 Be6 15. Nec3
Ne8 16. f4 f5 17. Rae1 b4 18. Na4 Kh8 19. fxe5 Nxe5 20. Nab6 Qa7 21. d4 Nf7 22.
Nf4 Nd8 23. Nbd5 Bf7 24. dxc5 dxc5 25. e4 g5 26. Nd3 fxe4 27. Rxe4 Nc6 28. Ne5
Nd4 29. Rxd4 cxd4 30. Bxd4 Qb7 31. Qxg5 h6 32. Ng6+ Bxg6 33. Rxf8+ Kh7 34.
Qxg6+ Kxg6 35. Be4+ Kg5 36. Be3+ {Sources: BCM, November 1973, p466; Source:
The Chess Player, 1973b/5, p188} (36. Be3+ Kh5 37. Rf5+ Kg6 38. Rf6+ Kh5 39.
Bf3#) 1-0

[Event "Hexagon North Devon"]
[Site "Woolacombe"]
[Date "1973.10.07"]
[Round "3"]
[White "Cafferty, Bernard"]
[Black "Markland, Peter Richard"]
[Result "1/2-1/2"]
[WhiteElo "2355"]
[BlackElo "2405"]
[PlyCount "31"]
[EventDate "1973.10.05"]
[EventType "tourn"]
[EventRounds "9"]
[EventCountry "ENG"]
[SourceTitle "BritBase"]
[Source "John Saunders"]
[SourceDate "2023.12.02"]
[SourceVersion "1"]
[SourceVersionDate "2023.12.02"]
[SourceQuality "1"]

1. e4 c5 2. Nf3 Nc6 3. Bb5 g6 4. O-O Bg7 5. Re1 Nf6 6. e5 Nd5 7. Nc3 Nc7 8. Bc4
O-O 9. d3 b6 10. Bf4 Bb7 11. Qd2 Ne6 12. Bh6 Ncd4 13. Nxd4 Nxd4 14. Bd5 Bxd5
15. Nxd5 Re8 16. Bxg7 {Source: Bernard Cafferty} 1/2-1/2

[Event "Hexagon North Devon"]
[Site "Woolacombe"]
[Date "1973.10.07"]
[Round "3"]
[White "Jamieson, Peter McKeich"]
[Black "Keene, Raymond Dennis"]
[Result "0-1"]
[WhiteElo "2270"]
[BlackElo "2445"]
[PlyCount "58"]
[EventDate "1973.10.05"]
[EventType "tourn"]
[EventRounds "9"]
[EventCountry "ENG"]
[SourceTitle "BritBase"]
[Source "John Saunders"]
[SourceDate "2023.12.02"]
[SourceVersion "1"]
[SourceVersionDate "2023.12.02"]
[SourceQuality "1"]

1. e4 g6 2. d4 d6 3. Nc3 Bg7 4. Nf3 Nf6 5. h3 O-O 6. Be3 Nc6 7. e5 Nd7 8. exd6
cxd6 9. Bd3 Nb4 10. Be2 Nf6 11. O-O Bf5 12. g4 Bd7 13. Qd2 Nbd5 14. Nxd5 Nxd5
15. Bh6 b5 16. a4 a6 17. Ne1 Bxh6 18. Qxh6 Qb6 19. axb5 axb5 20. Nf3 Nf6 21. c3
Bc6 22. Kh2 b4 23. Qe3 bxc3 24. bxc3 Rxa1 25. Rxa1 Qb2 26. Rc1 Rb8 27. Kg1 Nd5
28. Qd2 Qxd2 29. Nxd2 Rb2 0-1

[Event "Hexagon North Devon"]
[Site "Woolacombe"]
[Date "1973.10.07"]
[Round "3"]
[White "Williams, Arthur Howard"]
[Black "Basman, Michael John"]
[Result "0-1"]
[WhiteElo "2395"]
[BlackElo "2385"]
[PlyCount "64"]
[EventDate "1973.10.05"]
[EventType "tourn"]
[EventRounds "9"]
[EventCountry "ENG"]
[SourceTitle "BritBase"]
[Source "John Saunders"]
[SourceDate "2023.12.02"]
[SourceVersion "1"]
[SourceVersionDate "2023.12.02"]
[SourceQuality "1"]

1. e4 c5 2. Nf3 e6 3. d4 cxd4 4. Nxd4 Bc5 5. Be3 Qb6 6. Nb5 $2 Bxe3 $11 7. Nd6+
Kf8 8. fxe3 Qxe3+ 9. Be2 Nc6 10. Rf1 Nf6 11. Na3 b6 12. Nac4 Qc5 13. c3 b5 14.
e5 Nxe5 15. b4 Qc7 16. Nxb5 Qb8 17. Nxe5 Qxe5 18. Qd6+ Qxd6 19. Nxd6 Ke7 20.
Rd1 Rb8 21. a4 Rf8 22. Nb5 Ba6 23. c4 Bb7 24. g3 Bg2 25. Rf2 Bc6 26. Rb1 Ne4
27. Rf1 a6 28. Nc7 Nc3 29. Rb3 Nxe2 30. Kxe2 Bxa4 31. Rb2 Rfc8 32. Nxa6 Rb6 {
Source: CHESS, October 1973, Vol.39/683-4, p24} 0-1

[Event "Hexagon North Devon"]
[Site "Woolacombe"]
[Date "1973.10.08"]
[Round "4"]
[White "Hutchings, Stuart James"]
[Black "Bilek, Istvan"]
[Result "1-0"]
[WhiteElo "2280"]
[BlackElo "2500"]
[PlyCount "69"]
[EventDate "1973.10.05"]
[EventType "tourn"]
[EventRounds "9"]
[EventCountry "ENG"]
[SourceTitle "BritBase"]
[Source "John Saunders"]
[SourceDate "2023.12.02"]
[SourceVersion "1"]
[SourceVersionDate "2023.12.02"]
[SourceQuality "1"]

1. e4 c5 2. Nf3 g6 3. d4 Bg7 4. Nc3 Qa5 5. Be2 Nc6 6. d5 Nd4 7. Bd2 Nxf3+ 8.
gxf3 Qd8 9. d6 e6 10. f4 b6 11. h4 Bb7 12. Bf3 a6 13. h5 Qc8 14. Qe2 Qc6 15.
O-O-O b5 16. Rh3 b4 17. e5 bxc3 18. Bxc6 cxd2+ 19. Qxd2 Bxc6 20. Rc3 Nh6 21.
Rg1 Nf5 22. Rxc5 Rc8 23. Rc3 O-O 24. Rh3 f6 25. hxg6 h6 26. Kb1 Be4 27. Rc1
fxe5 28. fxe5 Rc5 29. f3 Bd5 30. Rch1 Rfc8 31. c3 Bxe5 32. Rxh6 Bxf3 33. R1h4
Bg7 34. Qh2 Nxh4 $4 (34... Nxh6 35. Rxh6 Bxh6 36. Qxh6 Rh5 $19) 35. Rxh4 {
Black lost on time (Sources: BCM, November 1973, p466; CHESS, November 1973,
Vol.39/685-6, p53; Source: The Chess Player, 1973b/5, p187)} 1-0

[Event "Hexagon North Devon"]
[Site "Woolacombe"]
[Date "1973.10.08"]
[Round "4"]
[White "Williams, Arthur Howard"]
[Black "Cafferty, Bernard"]
[Result "1-0"]
[WhiteElo "2395"]
[BlackElo "2355"]
[PlyCount "81"]
[EventDate "1973.10.05"]
[EventType "tourn"]
[EventRounds "9"]
[EventCountry "ENG"]
[SourceTitle "BritBase"]
[Source "John Saunders"]
[SourceDate "2023.12.02"]
[SourceVersion "1"]
[SourceVersionDate "2023.12.02"]
[SourceQuality "1"]

1. e4 Nf6 2. e5 Nd5 3. d4 d6 4. c4 Nb6 5. f4 dxe5 6. fxe5 Nc6 7. Be3 Bf5 8. Nc3
e6 9. Nf3 Be7 10. d5 Nb4 11. Rc1 f6 12. a3 Na6 13. Be2 fxe5 14. O-O O-O 15.
Nxe5 exd5 16. Nxd5 Bc5 17. Bxc5 Nxc5 18. b4 Ne4 19. Bg4 Qd6 20. Rxf5 Rxf5 21.
Bxf5 Qxe5 22. Nxb6 axb6 23. Qd5+ Qxd5 24. cxd5 Nd6 25. Be6+ Kf8 26. Rxc7 Rxa3
27. h3 b5 28. Rd7 Ra6 29. Kf2 Ne4+ 30. Ke3 Ng5 31. Bg4 Nf7 32. Rxb7 Nd6 33. Rd7
Nf7 34. Kd4 Ke8 35. Be6 Nd8 36. Ke5 Ra2 37. Rxg7 Re2+ 38. Kd6 Nxe6 39. dxe6
Rd2+ 40. Kc5 Re2 41. Kxb5 {Source: Bernard Cafferty} 1-0

[Event "Hexagon North Devon"]
[Site "Woolacombe"]
[Date "1973.10.09"]
[Round "5"]
[White "Bilek, Istvan"]
[Black "Keene, Raymond Dennis"]
[Result "1/2-1/2"]
[WhiteElo "2500"]
[BlackElo "2445"]
[PlyCount "48"]
[EventDate "1973.10.05"]
[EventType "tourn"]
[EventRounds "9"]
[EventCountry "ENG"]
[SourceTitle "BritBase"]
[Source "John Saunders"]
[SourceDate "2023.12.02"]
[SourceVersion "1"]
[SourceVersionDate "2023.12.02"]
[SourceQuality "1"]

1. c4 Nf6 2. g3 c6 3. Nf3 d5 4. b3 dxc4 5. bxc4 e5 6. Nc3 Nbd7 7. Qc2 Bb4 8.
Bg2 O-O 9. O-O Qe7 10. d3 Re8 11. Rb1 h6 12. e4 Nf8 13. h3 Ba3 14. Bd2 Rd8 15.
Ne2 Ng6 16. Be3 Re8 17. Kh2 Bd6 18. Rfe1 h5 19. d4 h4 20. dxe5 hxg3+ 21. fxg3
Nxe5 22. Nxe5 Bxe5 23. Nf4 Nd7 24. Nd3 b6 1/2-1/2

[Event "Hexagon North Devon"]
[Site "Woolacombe"]
[Date "1973.10.09"]
[Round "5"]
[White "Cafferty, Bernard"]
[Black "Basman, Michael John"]
[Result "1-0"]
[WhiteElo "2355"]
[BlackElo "2385"]
[PlyCount "111"]
[EventDate "1973.10.05"]
[EventType "tourn"]
[EventRounds "9"]
[EventCountry "ENG"]
[SourceTitle "BritBase"]
[Source "John Saunders"]
[SourceDate "2023.12.02"]
[SourceVersion "1"]
[SourceVersionDate "2023.12.02"]
[SourceQuality "1"]

1. c4 f5 2. Nf3 g6 3. Nc3 Bg7 4. e4 fxe4 5. Nxe4 Nf6 6. Nxf6+ Bxf6 7. d4 c5 8.
d5 Qb6 9. Nd2 O-O 10. Bd3 Bxb2 11. Rb1 Qf6 12. Ne4 Bc3+ 13. Kf1 Qd4 14. f3 d6
15. Bh6 Rf7 16. Qc2 Bf5 17. Rb3 Ba5 18. Ke2 Qe5 19. Bc1 Nd7 20. Bb2 Qf4 21.
Rxb7 Bg4 22. Rf1 Nb6 23. Ba1 Nd7 24. Rxd7 Bxd7 25. Qb2 Rf6 26. g3 Qh6 27. h4
Bf5 28. Nxf6+ exf6 29. Bxf5 gxf5 30. Kf2 f4 31. Qxf6 fxg3+ 32. Kxg3 Qxf6 33.
Bxf6 Kf7 34. Bg5 Rb8 35. Rd1 Rb2 36. a4 Rb4 37. Re1 Rxc4 38. Re7+ Kg6 39. Re6+
Kf7 40. Re7+ Kf8 41. Rxa7 Be1+ 42. Kh3 Rd4 43. Rxh7 Rxa4 44. Bh6+ Ke8 45. Bg5
Bc3 46. f4 Rd4 47. Kg4 Rxd5 48. Kh5 Bf6 49. Kg6 Bxg5 50. hxg5 c4 51. Kf6 Rd4
52. f5 d5 53. g6 c3 54. Rc7 Rd3 55. g7 Rg3 56. Rxc3 {Source: Bernard Cafferty}
1-0

[Event "Hexagon North Devon"]
[Site "Woolacombe"]
[Date "1973.10.10"]
[Round "6"]
[White "Cafferty, Bernard"]
[Black "Jamieson, Peter McKeich"]
[Result "1/2-1/2"]
[WhiteElo "2355"]
[BlackElo "2270"]
[PlyCount "97"]
[EventDate "1973.10.05"]
[EventType "tourn"]
[EventRounds "9"]
[EventCountry "ENG"]
[SourceTitle "BritBase"]
[Source "John Saunders"]
[SourceDate "2023.12.02"]
[SourceVersion "1"]
[SourceVersionDate "2023.12.02"]
[SourceQuality "1"]

1. c4 e5 2. Nc3 Nf6 3. Nf3 d6 4. d4 Nbd7 5. e4 exd4 6. Nxd4 Nc5 7. f3 a5 8. Be2
g6 9. O-O Bg7 10. Bg5 h6 11. Be3 O-O 12. Qd2 Kh7 13. Rfd1 Bd7 14. Ndb5 Bxb5 15.
Nxb5 Nfd7 16. Qc2 Rc8 17. Bf1 Qe8 18. Bf2 Ne6 19. Rab1 Qe7 20. b3 Ne5 21. Qd2
Qg5 22. Qxg5 hxg5 23. Nd4 g4 24. Nxe6 fxe6 25. c5 gxf3 26. Rbc1 fxg2 27. Kxg2
Ng4 28. Bg1 Be5 29. Bc4 Rce8 30. Be2 Nf6 31. cxd6 Bxd6 32. Bf3 b6 33. Bxb6 Bf4
34. Bc5 Rg8 35. Rc4 g5 36. Bd4 e5 37. Bc3 g4 38. Be2 Kg6 39. Bxa5 Rh8 40. Rh1
Ra8 41. Ra4 Rh7 42. h4 gxh3+ 43. Rxh3 Rxh3 44. Kxh3 Rh8+ 45. Kg2 Rh2+ 46. Kf1
Rh1+ 47. Kg2 Rh2+ 48. Kf1 Rh1+ 49. Kg2 {Source: Bernard Cafferty} 1/2-1/2

[Event "Hexagon North Devon"]
[Site "Woolacombe"]
[Date "1973.10.10"]
[Round "6"]
[White "Keene, Raymond Dennis"]
[Black "Cardoso, Radolfo Tan"]
[Result "0-1"]
[WhiteElo "2445"]
[BlackElo "2375"]
[PlyCount "70"]
[EventDate "1973.10.05"]
[EventType "tourn"]
[EventRounds "9"]
[EventCountry "ENG"]
[SourceTitle "BritBase"]
[Source "John Saunders"]
[SourceDate "2023.12.02"]
[SourceVersion "1"]
[SourceVersionDate "2023.12.02"]
[SourceQuality "1"]

1. Nf3 b6 2. g3 Bb7 3. Bg2 c5 4. O-O e6 5. c4 Be7 6. b3 Bf6 7. Nc3 Ne7 8. Bb2
O-O 9. e3 d5 10. Qe2 Nd7 11. d3 a6 12. Rfd1 Qc7 13. Rac1 dxc4 14. bxc4 Rac8 15.
Ba3 Rfd8 16. Ne4 Bxe4 17. dxe4 Nc6 18. Ne1 Na7 19. f4 b5 20. e5 Be7 21. Nf3 Qa5
22. Bb2 Nb6 23. cxb5 axb5 24. Ba1 Nc4 25. Bh3 Qa3 26. e4 Nc6 27. f5 Ra8 28.
fxe6 Qxa2 29. exf7+ Kxf7 30. Ng5+ Bxg5 31. Qh5+ Kg8 32. Be6+ Kh8 33. Qxg5 Rxd1+
34. Rxd1 Qe2 35. Rb1 Ne3 {Source: BCM, November 1973, p467} 0-1

[Event "Hexagon North Devon"]
[Site "Woolacombe"]
[Date "1973.10.11"]
[Round "7"]
[White "Bellin, Robert"]
[Black "Cafferty, Bernard"]
[Result "1/2-1/2"]
[WhiteElo "2320"]
[BlackElo "2355"]
[PlyCount "34"]
[EventDate "1973.10.05"]
[EventType "tourn"]
[EventRounds "9"]
[EventCountry "ENG"]
[SourceTitle "BritBase"]
[Source "John Saunders"]
[SourceDate "2023.12.02"]
[SourceVersion "1"]
[SourceVersionDate "2023.12.02"]
[SourceQuality "1"]

1. d4 Nf6 2. Nc3 d5 3. Bg5 Bf5 4. e3 Nbd7 5. Bd3 Bxd3 6. Qxd3 c6 7. Nf3 g6 8.
O-O Bg7 9. Rfe1 O-O 10. e4 dxe4 11. Nxe4 Re8 12. c3 Qa5 13. Ned2 Rad8 14. Qc2
c5 15. dxc5 Nxc5 16. Nb3 Qc7 17. Nxc5 Qxc5 {Source: Bernard Cafferty} 1/2-1/2

[Event "Hexagon North Devon"]
[Site "Woolacombe"]
[Date "1973.10.11"]
[Round "7"]
[White "Hutchings, Stuart James"]
[Black "Keene, Raymond Dennis"]
[Result "0-1"]
[WhiteElo "2280"]
[BlackElo "2445"]
[PlyCount "44"]
[EventDate "1973.10.05"]
[EventType "tourn"]
[EventRounds "9"]
[EventCountry "ENG"]
[SourceTitle "BritBase"]
[Source "John Saunders"]
[SourceDate "2023.12.02"]
[SourceVersion "1"]
[SourceVersionDate "2023.12.02"]
[SourceQuality "1"]

1. c4 Nf6 2. Nc3 b6 3. Nf3 Bb7 4. d4 e6 5. g3 Bb4 6. Bd2 c5 7. a3 Bxc3 8. Bxc3
Ne4 9. Qc2 Nxc3 10. Qxc3 Qf6 11. Rd1 Bxf3 12. Qxf3 Qxf3 13. exf3 Nc6 14. dxc5
bxc5 15. Bg2 Rb8 16. Rd2 Rb3 17. Kd1 Ke7 18. f4 Nd4 19. Kc1 h5 20. h4 Rhb8 21.
Bf1 Rf3 22. Kd1 Rxa3 {Sources: BCM, November 1973, p467; Source: The Chess
Player, 1973b/5, p187} 0-1

[Event "Hexagon North Devon"]
[Site "Woolacombe"]
[Date "1973.10.13"]
[Round "8"]
[White "Basman, Michael John"]
[Black "Keene, Raymond Dennis"]
[Result "0-1"]
[WhiteElo "2385"]
[BlackElo "2445"]
[PlyCount "82"]
[EventDate "1973.10.05"]
[EventType "tourn"]
[EventRounds "9"]
[EventCountry "ENG"]
[SourceTitle "BritBase"]
[Source "John Saunders"]
[SourceDate "2023.12.02"]
[SourceVersion "1"]
[SourceVersionDate "2023.12.02"]
[SourceQuality "1"]

1. e4 g6 2. d4 d6 3. Nf3 Nf6 4. Nbd2 Bg7 5. Be2 O-O 6. O-O Nc6 7. d5 (7. c3 e5
8. dxe5 Nxe5 9. Nxe5 dxe5 10. Qc2 Bh6 $1 $11 {Keene, The Chess Player}) 7...
Nb8 8. c4 c6 9. Rb1 a5 10. Re1 Na6 11. b3 Nc5 12. Bf1 Bg4 13. h3 (13. a3 $1 {
Keene}) 13... Bxf3 14. Qxf3 Nfd7 15. Qe3 Qc7 16. a3 e6 17. b4 axb4 18. axb4 Na4
19. dxe6 fxe6 20. Nf3 Ne5 21. Nd4 Qf7 22. f4 Nd7 23. c5 dxc5 24. bxc5 e5 25.
fxe5 Nxe5 26. Bd2 Nxc5 27. Nf5 gxf5 28. Qxc5 f4 29. Bc3 f3 30. Rb2 Nd7 31. Qg5
f2+ 32. Rxf2 Qxf2+ 33. Kh1 Nf6 34. Bc4+ Kh8 35. Rf1 Qc2 36. Rf3 Nh5 37. Bxg7+
Nxg7 38. Rg3 Qd1+ 39. Kh2 Qd7 40. e5 Nf5 41. Rf3 Qd4 {Sources: CHESS, October
1973, Vol.39/683-4, p25; Source: The Chess Player, 1973b/5, p187} 0-1

[Event "Hexagon North Devon"]
[Site "Woolacombe"]
[Date "1973.10.13"]
[Round "8"]
[White "Cafferty, Bernard"]
[Black "Bilek, Istvan"]
[Result "1/2-1/2"]
[WhiteElo "2355"]
[BlackElo "2500"]
[PlyCount "39"]
[EventDate "1973.10.05"]
[EventType "tourn"]
[EventRounds "9"]
[EventCountry "ENG"]
[SourceTitle "BritBase"]
[Source "John Saunders"]
[SourceDate "2023.12.02"]
[SourceVersion "1"]
[SourceVersionDate "2023.12.02"]
[SourceQuality "1"]

1. e4 c6 2. c4 d5 3. exd5 cxd5 4. cxd5 Nf6 5. Nc3 g6 6. Bc4 Bg7 7. Nge2 O-O 8.
O-O Nbd7 9. Nf4 Qc7 10. d3 a6 11. a4 Ne5 12. Ba2 Bf5 13. Qe2 Nfg4 14. Ne4 Rad8
15. h3 Nf6 16. d6 Rxd6 17. Nxd6 Qxd6 18. Re1 Nc6 19. Qd1 Nd7 20. Nd5 {Source:
Bernard Cafferty} 1/2-1/2

[Event "Hexagon North Devon"]
[Site "Woolacombe"]
[Date "1973.10.14"]
[Round "9"]
[White "Bellin, Robert"]
[Black "Basman, Michael John"]
[Result "1/2-1/2"]
[WhiteElo "2320"]
[BlackElo "2385"]
[PlyCount "59"]
[EventDate "1973.10.05"]
[EventType "tourn"]
[EventRounds "9"]
[EventCountry "ENG"]
[SourceTitle "BritBase"]
[Source "John Saunders"]
[SourceDate "2023.12.02"]
[SourceVersion "1"]
[SourceVersionDate "2023.12.02"]
[SourceQuality "1"]

1. e4 c5 2. Nf3 e6 3. d4 cxd4 4. Nxd4 Bc5 5. Nb3 Bb6 6. Bd3 Ne7 7. Nc3 O-O 8.
O-O Nbc6 9. Kh1 f5 10. f4 fxe4 11. Nxe4 Nf5 12. Qe1 a5 13. c3 a4 14. Nbd2 d5
15. Ng5 e5 $1 16. g4 e4 17. Ndxe4 dxe4 18. Qxe4 Kh8 19. Rf3 h6 20. Be3 $1 Bd7
$6 21. Bxb6 Qxb6 22. gxf5 Bxf5 23. Qc4 Ne7 24. Bxf5 Nxf5 25. Qe6 Qxb2 26. Rg1
Rf6 27. Qd5 Re8 28. Rh3 Qf2 29. Nf7+ Kh7 30. Ng5+ {(time trouble) Source: The
Chess Player, 1973b/5, p178 (annotated by Basman)} 1/2-1/2

[Event "Hexagon North Devon"]
[Site "Woolacombe"]
[Date "1973.10.14"]
[Round "9"]
[White "Cardoso, Radolfo Tan"]
[Black "Cafferty, Bernard"]
[Result "1-0"]
[WhiteElo "2375"]
[BlackElo "2355"]
[PlyCount "91"]
[EventDate "1973.10.05"]
[EventType "tourn"]
[EventRounds "9"]
[EventCountry "ENG"]
[SourceTitle "BritBase"]
[Source "John Saunders"]
[SourceDate "2023.12.02"]
[SourceVersion "1"]
[SourceVersionDate "2023.12.02"]
[SourceQuality "1"]

1. c4 Nf6 2. g3 c5 3. Bg2 Nc6 4. Nc3 g6 5. b3 Bg7 6. Bb2 O-O 7. e3 e6 8. Nge2
d5 9. Na4 b6 10. O-O Ba6 11. d3 Rc8 12. a3 Qd7 13. Qc2 Rfd8 14. Rad1 Qe7 15.
Nf4 dxc4 16. bxc4 Na5 17. Bc3 Nc6 18. Qb2 Bb7 19. h4 h5 20. Rfe1 Ba6 21. Qa1
Ne8 22. Bxg7 Nxg7 23. Nc3 Qf6 24. Qc1 Ne8 25. Ne4 Qg7 26. Ng5 Qf6 27. Qc2 Na5
28. g4 hxg4 29. Qe2 Nc6 30. Qxg4 Ne5 31. Qg3 Ng7 32. Bh3 Bb7 33. e4 Rd7 34. Bf1
Rcd8 35. Be2 b5 36. cxb5 c4 37. dxc4 Rxd1 38. Rxd1 Rxd1+ 39. Bxd1 Nxc4 40. Nxg6
Qd8 41. Be2 Nd6 42. Nf4 Nxe4 43. Ngxe6 Qf6 44. Qxg7+ Qxg7+ 45. Nxg7 Kxg7 46.
Bf3 {Source: Bernard Cafferty} 1-0

[Event "Hexagon North Devon"]
[Site "Woolacombe"]
[Date "1973.10.??"]
[Round "?"]
[White "Basman, Michael John"]
[Black "Bilek, Istvan"]
[Result "1-0"]
[WhiteElo "2385"]
[BlackElo "2500"]
[PlyCount "67"]
[EventDate "1973.10.05"]
[EventType "tourn"]
[EventRounds "9"]
[EventCountry "ENG"]
[SourceTitle "BritBase"]
[Source "John Saunders"]
[SourceDate "2023.12.02"]
[SourceVersion "1"]
[SourceVersionDate "2023.12.02"]
[SourceQuality "1"]

1. e4 c5 2. Nf3 d6 3. Be2 Nc6 4. c3 Nf6 5. d4 e6 6. Nbd2 d5 7. e5 Nd7 8. O-O
Be7 9. Bd3 Qb6 10. dxc5 Nxc5 11. Bc2 Nd7 12. Qe2 Qc7 13. Re1 O-O 14. a3 f5 15.
exf6 Nxf6 16. c4 Kh8 ({Different version of the score:} 16... Re8 17. b4 dxc4
18. Nxc4 b5 19. Nce5 Nxe5 20. Nxe5 Bb7 21. Bb2 Bd5 22. Bd3 a6 23. Qe3 Bd6 24.
Rac1 Qe7 25. Qh3 Rab8 26. Ng4 Rec8 27. Rxc8+ Rxc8 28. Ne3 Bc4 29. Bxf6 Qxf6 30.
Qxh7+ Kf7 31. Qh5+ Kg8 32. Bg6 Kf8 33. Qh8+ Ke7 34. Qxc8 {Source: BCM,
November 1973, p466}) 17. b4 dxc4 18. Nxc4 b5 19. Nce5 Nxe5 20. Nxe5 Bb7 21.
Bb2 Bd5 22. Bd3 a6 23. Qe3 Bd6 24. Rac1 Qe7 25. Qh3 Kg8 26. Ng4 $18 Rac8 27.
Rxc8 $2 (27. Bxf6 $1 gxf6 (27... Rxc1 28. Qxh7+) 28. Nxf6+ {Basman}) 27... Rxc8
28. Ne3 Bc4 29. Bxf6 Qxf6 30. Qxh7+ Kf7 31. Qh5+ Kg8 32. Bg6 Kf8 $2 (32... Rd8)
33. Qh8+ Ke7 34. Qxc8 {Source: The Chess Player, 1973b/5, p178 - annotations
by Basman.} 1-0

[Event "Hexagon North Devon"]
[Site "Woolacombe"]
[Date "1973.10.??"]
[Round "?"]
[White "Jamieson, Peter McKeich"]
[Black "Cardoso, Radolfo Tan"]
[Result "1-0"]
[WhiteElo "2270"]
[BlackElo "2375"]
[PlyCount "89"]
[EventDate "1973.10.05"]
[EventType "tourn"]
[EventRounds "9"]
[EventCountry "ENG"]
[SourceTitle "BritBase"]
[Source "John Saunders"]
[SourceDate "2023.12.02"]
[SourceVersion "1"]
[SourceVersionDate "2023.12.02"]
[SourceQuality "1"]

1. e4 c5 2. Nc3 a6 3. g3 b5 4. Bg2 Bb7 5. Nh3 e6 6. O-O h5 7. d3 Be7 8. f4 b4
9. Ne2 d5 10. f5 e5 11. Nf2 Nf6 12. Bg5 Nbd7 13. c3 Nxe4 14. dxe4 Bxg5 15. exd5
Nb6 16. cxb4 cxb4 17. Qb3 Bxd5 18. Bxd5 Qxd5 19. Qxb4 Be3 20. Rad1 Qf3 21. Nc3
h4 22. f6 gxf6 23. Qe4 Qxe4 24. Ncxe4 Ke7 25. Kg2 f5 26. Nd6 Ke6 27. g4 fxg4
28. Nxg4 h3+ 29. Kh1 Bf4 30. Nxf7 Kxf7 31. Nxe5+ Ke6 32. Ng6 Be5 33. Rfe1 Nc4
34. b3 Rhg8 35. Nf4+ Kf5 36. Nd5 Nb2 37. Ne7+ Kf6 38. Nxg8+ Rxg8 39. Rd2 Bc3
40. Rf2+ Kg7 41. Re3 Rc8 42. Rg3+ Kh6 43. Rxh3+ Kg5 44. Rg3+ Kh4 45. Rf7 {
Source: BCM, November 1973, p466} 1-0